| 000 | 00521nam a2200133Ia 4500 | ||
|---|---|---|---|
| 008 | 171212s9999 xx 000 0 und d | ||
| 020 | _a9781501707148 | ||
| 100 | _aCastle, Terry | ||
| 245 |
_cCastle, Terry _aClarissa's Ciphers _bMeaning and Disruption in Richardson's Clarissa |
||
| 260 |
_bCornell University Press _c1982 |
||
| 650 | _aLanguage & Literature | ||
| 650 | _aRichardson, Samuel, 1689–1761. Clarissa; Women in literature; Reader-response criticism | ||
| 856 | _uhttp://jstor.org/stable/10.7591/j.ctt1g69x25 | ||
| 999 |
_c351443 _d351443 |
||